Statistics for ATP 2018 tournaments winners

Click here to take the quiz!

General Stats

  • This quiz has been taken 22 times
    (16 since last reset)
  • The average score is 34 of 68

Answer Stats

TournamentWinner% Correct
US OpenNovak Djokovic
100%
CincinnatiNovak Djokovic
100%
WimbledonNovak Djokovic
100%
ShanghaiNovak Djokovic
100%
Australian OpenRoger Federer
100%
LondonAlexander Zverev
83%
ParisKaren Khachanov
83%
BarcelonaRafael Nadal
83%
Monte-CarloRafael Nadal
83%
RomeRafael Nadal
83%
Roland-GarrosRafael Nadal
83%
MadridAlexander Zverev
67%
WashingtonAlexander Zverev
67%
MunichAlexander Zverev
67%
HalleBorna Coric
67%
Rio de JaneiroDiego Schwartzman
67%
LyonDominic Thiem
67%
St PetersburgDominic Thiem
67%
MiamiJohn Isner
67%
TorontoRafael Nadal
67%
BaselRoger Federer
67%
MilanStefanos Tsitsipas
67%
SydneyDaniil Medvedev
50%
Winston-SalemDaniil Medvedev
50%
TokyoDaniil Medvedev
50%
Delray BeachFrances Tiafoe
50%
DohaGaël Monfils
50%
PuneGilles Simon
50%
Indian WellsJuan Martin del Potro
50%
AcapulcoJuan Martin del Potro
50%
MoscowKaren Khachanov
50%
ViennaKevin Anderson
50%
AntwerpKyle Edmund
50%
Queen'sMarin Cilic
50%
HamburgNikoloz Basilashvili
50%
MarrakechPablo Andujar
50%
DubaiRoberto Bautista-Agut
50%
StuttgartRoger Federer
50%
RotterdamRoger Federer
50%
StockholmStefanos Tsitsipas
50%
HoustonSteve Johnson
50%
Buenos AiresDominic Thiem
33%
Los CabosFabio Fognini
33%
Sao PoloFabio Fognini
33%
EstorilJoao Sousa
33%
AtlantaJohn Isner
33%
New YorkKevin Anderson
33%
MontpellierLucas Pouille
33%
UmagMarco Cecchinato
33%
SofiaMirza Basic
33%
EastbourneMischa Zverev
33%
BrisbaneNick Kyrgios
33%
BeijingNikoloz Basilashvili
33%
AucklandRoberto Bautista-Agut
33%
NewportSteve Johnson
33%
IstanbulTaro Daniel
33%
ShenzhenYoshihito Nishioka
33%
ChengduBernard Tomic
17%
AntalyaDamir Dzumhur
17%
MetzGilles Simon
17%
MarseilleKaren Khachanov
17%
BudapestMarco Cecchinato
17%
KitzbühelMartin Klizan
17%
GenevaMarton Fucsovics
17%
GstaadMatteo Berrettini
17%
St HertogenboschRichard Gasquet
17%
QuitoRoberto Carballes Baena
17%
BastadFabio Fognini
0%

Score Distribution

Percentile by Number Answered

Percent of People with Each Score

Your Score History

You have not taken this quiz since the last reset